Kakao zhorklo

Nárast ceny kakaa na svetových komoditných burzách na 33 ročné maximum. Príčina zdraženia kakaa - politika Pobrežia Slonoviny. Zastavený vývoz plodiny. Následné embargo Európskej únie na dovoz kakaa z tejto krajiny. Ako sa so zdražením vysporiadajú výrobcovia.

Uložené v:
Podrobná bibliografia
Hlavný autor: Debnár, Milan
Médium: Kapitola
Jazyk:Slovak
Predmet:
Tagy: Pridať tag
Žiadne tagy, Buďte prvý, kto otaguje tento záznam!

MARC

LEADER 00000naa a2200000 4500
001 0126582
005 20231113071028.3
041 0 |a slo 
044 |a SK 
245 1 0 |a Kakao zhorklo  |c Milan Debnár 
520 |a Nárast ceny kakaa na svetových komoditných burzách na 33 ročné maximum. Príčina zdraženia kakaa - politika Pobrežia Slonoviny. Zastavený vývoz plodiny. Následné embargo Európskej únie na dovoz kakaa z tejto krajiny. Ako sa so zdražením vysporiadajú výrobcovia. 
610 2 0 |a kakao 
610 2 0 |a ceny 
610 2 0 |a komodity 
610 2 0 |a vývoz 
610 2 0 |a výrobcovia 
610 2 0 |a výroba 
610 2 0 |a Pobrežie Slonoviny 
100 1 |a Debnár, Milan